[Event "28. Abierto Ciudad de Sevilla"]
[Site "Sevilla ESP"]
[Date "2003.01.15"]
[Round "6"]
[White "Cifuentes Parada, Roberto"]
[Black "Pogorelov, Ruslan"]
[Result "1/2-1/2"]
[WhiteElo "2506"]
[BlackElo "2517"]
[PlyCount "85"]
[EventDate "2003.01.18"]
[EventType "swiss"]
[EventRounds "9"]
[EventCountry "ESP"]
[Source "lmi"]
[SourceDate "2003.01.10"]

1. d4 Nf6 2. c4 e6 3. g3 c5 4. Nf3 cxd4 5. Nxd4 d5 6. Bg2 e5 7. Nf3 d4 8. O-O
Nc6 9. e3 Bc5 10. exd4 exd4 11. a3 a5 12. Qe1+ Be6 13. Ng5 O-O 14. Nxe6 fxe6
15. Qxe6+ Kh8 16. Bg5 Qb6 17. Nd2 d3 18. Qf5 Rae8 19. Qxd3 Ng4 20. Ne4 Nxf2 21.
Nxf2 Rxf2 22. Rxf2 Bxf2+ 23. Kh1 Qxb2 24. Rb1 Qd4 25. Qxd4 Bxd4 26. Bd5 h6 27.
Bf4 g5 28. Bc7 g4 29. Bf4 Re2 30. h3 gxh3 31. Rxb7 Ne5 32. Bxe5+ Bxe5 33. Rb3
Bd6 34. a4 Ra2 35. Rb6 Bxg3 36. Rxh6+ Kg7 37. Rxh3 Bd6 38. Bc6 Ra1+ 39. Kg2
Ra2+ 40. Kf1 Kf6 41. Rd3 Bb4 42. Rd4 Rc2 43. Bb5 1/2-1/2

[Event "28. Abierto Ciudad de Sevilla"]
[Site "Sevilla ESP"]
[Date "2003.01.15"]
[Round "6"]
[White "Rizouk, Aimen"]
[Black "Xu, Yuan"]
[Result "1/2-1/2"]
[WhiteElo "2519"]
[BlackElo "2325"]
[PlyCount "97"]
[EventDate "2003.01.18"]
[EventType "swiss"]
[EventRounds "9"]
[EventCountry "ESP"]
[Source "lmi"]
[SourceDate "2003.01.10"]

1. e4 c6 2. d4 d5 3. Nd2 dxe4 4. Nxe4 Bf5 5. Ng3 Bg6 6. h4 h6 7. Nf3 Nd7 8. h5
Bh7 9. Bd3 Bxd3 10. Qxd3 Qc7 11. Bd2 e6 12. O-O-O Ngf6 13. Ne4 O-O-O 14. c4 c5
15. Nxf6 Nxf6 16. Rh4 cxd4 17. Bf4 Bd6 18. Bxd6 Rxd6 19. Rxd4 Rxd4 20. Qxd4 Rd8
21. Qxd8+ Qxd8 22. Rxd8+ Kxd8 23. Ne5 Nxh5 24. Nxf7+ Ke7 25. Ne5 Kf6 26. Nd3
Kf5 27. Kd2 Nf4 28. Ne1 h5 29. g3 Ng6 30. Nf3 Ne5 31. Nd4+ Kf6 32. b3 g5 33.
Ke3 Ng4+ 34. Kf3 Ke5 35. Ne2 a6 36. Kg2 Nf6 37. f4+ gxf4 38. Nxf4 Kf5 39. Kf3
e5 40. Ne2 Ne4 41. Ke3 Nd6 42. c5 Ne4 43. b4 Nf6 44. a3 Kg4 45. Kf2 Nd5 46. Nc1
e4 47. Ne2 e3+ 48. Kg2 Ne7 49. a4 1/2-1/2

[Event "28. Abierto Ciudad de Sevilla"]
[Site "Sevilla ESP"]
[Date "2003.01.15"]
[Round "6"]
[White "Cabrera, Alexis"]
[Black "Ruan, Lufei"]
[Result "1-0"]
[WhiteElo "2478"]
[BlackElo "2246"]
[PlyCount "111"]
[EventDate "2003.01.18"]
[EventType "swiss"]
[EventRounds "9"]
[EventCountry "ESP"]
[Source "lmi"]
[SourceDate "2003.01.10"]

1. e4 e5 2. Nf3 Nc6 3. Bc4 Bc5 4. c3 Nf6 5. d3 d6 6. Bb3 a6 7. Nbd2 Ba7 8. Nf1
h6 9. Ng3 O-O 10. h3 Bd7 11. O-O Ne7 12. d4 Ng6 13. Be3 Re8 14. Re1 Qc8 15. Qd2
c5 16. Bxh6 c4 17. Bg5 cxb3 18. Bxf6 gxf6 19. Nh5 Kf8 20. Nxf6 Be6 21. Qg5 Kg7
22. d5 Bd7 23. Nh5+ Kf8 24. Qf6 Bb5 25. Ng5 Re7 26. Ng7 Kg8 27. Nf5 Qf8 28. h4
Bd7 29. h5 Bxf5 30. exf5 Qg7 31. Qxg7+ Kxg7 32. hxg6 fxg6 33. fxg6 Kxg6 34. Ne4
bxa2 35. Rxa2 Rh8 36. Raa1 Reh7 37. Kf1 Rf8 38. Kg1 Rfh8 39. Ng3 Rf8 40. Re2
Rh4 41. Rd1 Rg4 42. Rd3 Rxf2 43. Rxf2 e4 44. Nxe4 Rxe4 45. Rg3+ Kh5 46. Kf1
Bxf2 47. Kxf2 Re5 48. c4 b5 49. b3 bxc4 50. bxc4 Re4 51. Ra3 Rxc4 52. Rxa6 Rf4+
53. Ke3 Rf6 54. Ra8 Kg5 55. Rg8+ Kf5 56. g4+ 1-0

[Event "28. Abierto Ciudad de Sevilla"]
[Site "Sevilla ESP"]
[Date "2003.01.15"]
[Round "6"]
[White "Bernard, Jacques"]
[Black "Saldaño Dayer, Horacio"]
[Result "1/2-1/2"]
[WhiteElo "2201"]
[BlackElo "2442"]
[PlyCount "88"]
[EventDate "2003.01.18"]
[EventType "swiss"]
[EventRounds "9"]
[EventCountry "ESP"]
[Source "lmi"]
[SourceDate "2003.01.10"]

1. e4 c5 2. Nf3 Nc6 3. Bb5 d6 4. O-O Bd7 5. Nc3 Nf6 6. Re1 e6 7. Bxc6 Bxc6 8.
d4 cxd4 9. Nxd4 Rc8 10. Nxc6 bxc6 11. Bg5 Be7 12. Qf3 Nd7 13. Bxe7 Qxe7 14. Qg3
O-O 15. Rad1 Ne5 16. Ne2 Rfd8 17. b3 Ng6 18. c4 a5 19. Nc3 e5 20. Rd2 Nf4 21.
Red1 Ne6 22. Ne2 Nc5 23. Qe3 h6 24. Ng3 Qg5 25. Qxg5 hxg5 26. Rxd6 Rxd6 27.
Rxd6 g6 28. f3 Kf8 29. Ne2 Ke7 30. Rd2 g4 31. Kf2 gxf3 32. gxf3 Rb8 33. Nc1 Rh8
34. Ke3 Rh3 35. Rf2 f6 36. Nd3 Ne6 37. b4 axb4 38. Nxb4 Kd6 39. a4 Nd4 40. Nd3
g5 41. a5 Kc7 42. Nc5 Kd6 43. Nd3 Kc7 44. Nc5 Kd6 1/2-1/2

[Event "28. Abierto Ciudad de Sevilla"]
[Site "Sevilla ESP"]
[Date "2003.01.15"]
[Round "6"]
[White "Tiviakov, Sergei"]
[Black "Cheparinov, Ivan"]
[Result "1-0"]
[WhiteElo "2635"]
[BlackElo "2478"]
[PlyCount "127"]
[EventDate "2003.01.18"]
[EventType "swiss"]
[EventRounds "9"]
[EventCountry "ESP"]
[Source "lmi"]
[SourceDate "2003.01.10"]

1. e4 c5 2. Nc3 Nc6 3. Bb5 Nd4 4. Bc4 g6 5. Nf3 Bg7 6. Nxd4 cxd4 7. Qf3 Nh6 8.
Ne2 O-O 9. c3 e6 10. O-O f5 11. Nxd4 fxe4 12. Qxe4 Kh8 13. Bb3 d5 14. Qe2 e5
15. Nc2 a5 16. Ne1 a4 17. Bc2 Nf5 18. d3 Qd6 19. Bg5 Bd7 20. Rd1 a3 21. bxa3
Qxa3 22. Bb3 Qc5 23. Rc1 Rfe8 24. Qd2 Qd6 25. Nc2 h6 26. Be3 g5 27. d4 exd4 28.
Nxd4 Nxe3 29. fxe3 Rf8 30. Qd3 Rxf1+ 31. Rxf1 Rf8 32. Rxf8+ Bxf8 33. Nc2 Be6
34. Nb4 Qe5 35. Qd4 Bg7 36. Qxe5 Bxe5 37. Nxd5 Bxd5 38. Bxd5 b6 39. c4 Bd6 40.
Kf2 Kg7 41. h3 Kf6 42. Bf3 Ke5 43. Bh5 Bc5 44. Kf3 Kf5 45. Be8 Ke5 46. e4 Kf6
47. Kg4 Bd6 48. Kh5 Kg7 49. a4 Bc5 50. e5 Bd4 51. e6 Bc5 52. Bc6 Bd6 53. Bd7
Bc5 54. h4 gxh4 55. Kg4 Kf6 56. Kf4 Ke7 57. Ke5 Be3 58. Kd5 Kd8 59. c5 bxc5 60.
a5 Kc7 61. Bb5 Bg5 62. Bc4 Be7 63. a6 Kb6 64. Ke5 1-0

[Event "28. Abierto Ciudad de Sevilla"]
[Site "Sevilla ESP"]
[Date "2003.01.15"]
[Round "6"]
[White "Zhou, Wile"]
[Black "Rustemov, Alexander"]
[Result "1-0"]
[WhiteElo "2353"]
[BlackElo "2604"]
[PlyCount "145"]
[EventDate "2003.01.18"]
[EventType "swiss"]
[EventRounds "9"]
[EventCountry "ESP"]
[Source "lmi"]
[SourceDate "2003.01.10"]

1. Nf3 d5 2. b3 Bg4 3. Bb2 Nd7 4. c4 e6 5. e3 Ngf6 6. Be2 Bd6 7. h3 Bxf3 8.
Bxf3 c6 9. d4 O-O 10. O-O Qe7 11. Nc3 Rad8 12. Qc2 Rfe8 13. e4 dxe4 14. Nxe4
Ba3 15. Rad1 Bxb2 16. Nxf6+ Nxf6 17. Qxb2 Rd7 18. Rfe1 Red8 19. b4 Qd6 20. Re5
a6 21. a4 Kf8 22. g3 Ng8 23. b5 axb5 24. axb5 Ne7 25. Rc5 h6 26. Kg2 Rc7 27.
bxc6 bxc6 28. Ra5 Rcc8 29. Ra7 Rb8 30. Qa2 Rd7 31. Ra6 Qc7 32. Qa3 Kg8 33. Qc5
Rc8 34. Rda1 Qd8 35. Rd1 Rdc7 36. Be4 Rd7 37. h4 Qc7 38. Bf3 Qd6 39. Qa5 Qc7
40. Qc5 Qd6 41. Qa5 Qc7 42. Qc5 Qd6 43. Qa5 Qb8 44. Be4 Qb3 45. Rc1 Qb2 46. Rd1
Qe2 47. Bf3 Qxc4 48. Ra8 Qb5 49. Rxc8+ Nxc8 50. Qa8 Rd8 51. Rc1 Rf8 52. Qa3 Qb6
53. Rc4 Na7 54. Qe7 Qa6 55. Rc3 Qb6 56. Rc4 Nb5 57. Qb4 Rb8 58. Rc5 Na7 59. Qa4
Rd8 60. Be4 Rd6 61. h5 Kf8 62. Bf3 Ke7 63. Rc4 Nb5 64. Qb4 Kd7 65. Qb1 Ke7 66.
Qb4 Kd7 67. Qb1 f5 68. Qb2 Kc7 69. d5 exd5 70. Qxg7+ Rd7 71. Qe5+ Kb7 72. Rc1
Nd4 73. Qe8 1-0

[Event "28. Abierto Ciudad de Sevilla"]
[Site "Sevilla ESP"]
[Date "2003.01.15"]
[Round "6"]
[White "Rausis, Igors"]
[Black "Lin, Ta"]
[Result "1/2-1/2"]
[WhiteElo "2541"]
[BlackElo "2360"]
[PlyCount "102"]
[EventDate "2003.01.18"]
[EventType "swiss"]
[EventRounds "9"]
[EventCountry "ESP"]
[Source "lmi"]
[SourceDate "2003.01.10"]

1. Nf3 f5 2. d4 Nf6 3. c4 g6 4. g3 Bg7 5. Bg2 O-O 6. O-O d6 7. Nc3 Nc6 8. d5
Na5 9. Qa4 c5 10. dxc6 bxc6 11. c5 Bd7 12. cxd6 exd6 13. Bf4 d5 14. Ne5 Be8 15.
Rac1 Nh5 16. b4 g5 17. bxa5 gxf4 18. Nxc6 Qg5 19. Nxd5 fxg3 20. fxg3 Kh8 21.
Qa3 Bxc6 22. Rxc6 Rae8 23. Qf3 Be5 24. e3 Nxg3 25. hxg3 Bxg3 26. Nf4 Rg8 27.
Nh3 Qh4 28. Qxf5 Bh2+ 29. Kh1 Be5 30. Rc2 Rg6 31. Rc8 Rxc8 32. Qxe5+ Rg7 33.
Rf7 Qg4 34. Rxg7 Qxg7 35. Qe6 Rg8 36. Nf4 Qg5 37. a6 Qh4+ 38. Qh3 Qf2 39. Kh2
Qxa2 40. Qh6 Qb2 41. Qd6 Qg7 42. Qd4 Qxd4 43. exd4 Rd8 44. Ne6 Rd6 45. Nc7 Kg8
46. Bb7 Rb6 47. d5 Kf7 48. d6 Rxd6 49. Nb5 Rd2+ 50. Kg3 Ke6 51. Nxa7 Kd6
1/2-1/2

[Event "28. Abierto Ciudad de Sevilla"]
[Site "Sevilla ESP"]
[Date "2003.01.15"]
[Round "6"]
[White "Mellado Triviño, Juan"]
[Black "Maus, Siegfried"]
[Result "0-1"]
[WhiteElo "1922"]
[BlackElo "2280"]
[PlyCount "114"]
[EventDate "2003.01.18"]
[EventType "swiss"]
[EventRounds "9"]
[EventCountry "ESP"]
[Source "lmi"]
[SourceDate "2003.01.10"]

1. e4 e6 2. d4 d5 3. Nd2 Nf6 4. e5 Nfd7 5. Bd3 c5 6. c3 Nc6 7. Ngf3 Qb6 8. O-O
cxd4 9. cxd4 Nxd4 10. Nxd4 Qxd4 11. Nf3 Qb6 12. a3 Be7 13. Qa4 O-O 14. Bg5 f6
15. Qh4 h6 16. Be3 Qd8 17. Bxh6 Nxe5 18. Bxg7 Nxd3 19. Qh8+ Kf7 20. Qh7 Nc5 21.
Rfe1 Ke8 22. Bxf8 Bxf8 23. Rad1 Qd7 24. Qh5+ Kd8 25. b4 Na6 26. h4 Nc7 27. Nd4
e5 28. Nb3 b6 29. f4 Bg7 30. fxe5 fxe5 31. Nd4 Qd6 32. Qf7 Bf6 33. Qg8+ Kd7 34.
Nf5 Qe6 35. Qh7+ Kd8 36. Nh6 Bd7 37. Nf7+ Kc8 38. Ng5 Bxg5 39. hxg5 Kb7 40. g6
Rg8 41. Rxe5 Qxg6 42. Qh2 Rg7 43. Rc1 Bf5 44. Re2 Be4 45. Qe5 Ne6 46. Rc3 Qg4
47. Rce3 Rg6 48. g3 Nf4 49. Rd2 Nh3+ 50. Kf1 Re6 51. Qh8 Qf5+ 52. Ke1 Rf6 53.
Rh2 Qf1+ 54. Kd2 Rf2+ 55. Rxf2 Qxf2+ 56. Re2 Qxg3 57. Qe8 Qd3+ 0-1

[Event "28. Abierto Ciudad de Sevilla"]
[Site "Sevilla ESP"]
[Date "2003.01.15"]
[Round "6"]
[White "Teran Alvarez, Ismael"]
[Black "Lopez Rodriguez, Fernando"]
[Result "1-0"]
[WhiteElo "2404"]
[BlackElo "2152"]
[PlyCount "113"]
[EventDate "2003.01.18"]
[EventType "swiss"]
[EventRounds "9"]
[EventCountry "ESP"]
[Source "lmi"]
[SourceDate "2003.01.10"]

1. d4 Nf6 2. Nf3 g6 3. c4 Bg7 4. Nc3 O-O 5. Bf4 c5 6. d5 d6 7. h3 Na6 8. e4 Nd7
9. Be2 Nc7 10. O-O Rb8 11. Re1 a6 12. a4 b6 13. Bf1 f6 14. Rb1 a5 15. Qd2 Ne5
16. Nh2 Bd7 17. Bg3 Nf7 18. Rbd1 Bh6 19. Qc2 Re8 20. f4 e5 21. dxe6 Nxe6 22.
Qf2 Nd4 23. Nf3 Nxf3+ 24. Qxf3 Bc6 25. b3 f5 26. Nd5 Bxd5 27. Rxd5 fxe4 28.
Rxe4 Rxe4 29. Qxe4 Qe8 30. Qf3 Qe7 31. Rd1 Re8 32. Re1 Qd7 33. Qg4 Qc6 34. Qf3
Qd7 35. Rxe8+ Qxe8 36. Bd3 Bg7 37. Bf2 Nd8 38. Be4 Ne6 39. Bc6 Qe7 40. Bd5 Kf8
41. Bxe6 Qxe6 42. Qa8+ Qe8 43. Qd5 Qe7 44. g4 Bc3 45. Kg2 Kg7 46. Qd3 Be1 47.
Qe3 Qxe3 48. Bxe3 Kf6 49. Kf3 Bc3 50. Bf2 h6 51. Ke4 Bd2 52. Bg3 Bc3 53. Kd5
Bd2 54. Kxd6 g5 55. fxg5+ hxg5 56. Kc6 Bf4 57. Be1 1-0

[Event "28. Abierto Ciudad de Sevilla"]
[Site "Sevilla ESP"]
[Date "2003.01.15"]
[Round "6"]
[White "Mirzoev, Azer"]
[Black "Fernandez Romero, Ernesto"]
[Result "1/2-1/2"]
[WhiteElo "2533"]
[BlackElo "2396"]
[PlyCount "131"]
[EventDate "2003.01.18"]
[EventType "swiss"]
[EventRounds "9"]
[EventCountry "ESP"]
[Source "lmi"]
[SourceDate "2003.01.10"]

1. d4 Nf6 2. c4 c5 3. Nf3 cxd4 4. Nxd4 e5 5. Nb5 d5 6. cxd5 Bc5 7. e3 O-O 8.
N5c3 e4 9. a3 a5 10. Nd2 Qe7 11. Be2 Rd8 12. Qb3 Bf5 13. O-O b6 14. Rd1 Nbd7
15. Nf1 Ne5 16. Bd2 h5 17. Na4 Bd6 18. Bc3 Nfg4 19. Bxe5 Nxe5 20. Nc3 h4 21.
Qa4 Nd7 22. Nb5 Nc5 23. Qc4 Rac8 24. Nd4 Bd7 25. Nc6 Bxc6 26. dxc6 a4 27. Qb5
Qc7 28. g3 Qxc6 29. Qxc6 Rxc6 30. gxh4 Be7 31. h5 Rcd6 32. Rxd6 Rxd6 33. Rc1
Bf6 34. Rc2 Nb3 35. Kg2 Kh7 36. Bb5 Nc5 37. Ng3 Be5 38. Bc4 f6 39. Kh3 Rd1 40.
Bf7 Kh6 41. Bg6 Bxg3 42. Kxg3 Rg1+ 43. Kf4 Rh1 44. Bxe4 Nxe4 45. Kxe4 Rxh2 46.
Kd5 Rxh5+ 47. Kc6 Rf5 48. Kxb6 g5 49. e4 Rf4 50. Re2 Kg6 51. Kb5 f5 52. exf5+
Kxf5 53. f3 Rxf3 54. Kxa4 g4 55. b4 g3 56. Rg2 Ke5 57. b5 Kd6 58. Rc2 Rf4+ 59.
Ka5 Rg4 60. b6 Rg7 61. Rg2 Kd7 62. Ka6 Kc8 63. Re2 g2 64. b7+ Rxb7 65. Rxg2 Rb1
66. a4 1/2-1/2

[Event "28. Abierto Ciudad de Sevilla"]
[Site "Sevilla ESP"]
[Date "2003.01.16"]
[Round "7"]
[White "Lalic, Bogdan"]
[Black "Matamoros Franco, Carlos S"]
[Result "1/2-1/2"]
[WhiteElo "2547"]
[BlackElo "2460"]
[PlyCount "21"]
[EventDate "2003.01.18"]
[EventType "swiss"]
[EventRounds "9"]
[EventCountry "ESP"]
[Source "lmi"]
[SourceDate "2003.01.10"]

1. d4 Nf6 2. Nf3 d5 3. c4 e6 4. g3 dxc4 5. Bg2 Bd7 6. Ne5 Bc6 7. Nxc6 Nxc6 8.
O-O Be7 9. Qa4 O-O 10. e3 e5 11. dxe5 1/2-1/2

[Event "28. Abierto Ciudad de Sevilla"]
[Site "Sevilla ESP"]
[Date "2003.01.16"]
[Round "7"]
[White "Maus, Siegfried"]
[Black "Cifuentes Parada, Roberto"]
[Result "1/2-1/2"]
[WhiteElo "2280"]
[BlackElo "2506"]
[PlyCount "59"]
[EventDate "2003.01.18"]
[EventType "swiss"]
[EventRounds "9"]
[EventCountry "ESP"]
[Source "lmi"]
[SourceDate "2003.01.10"]

1. d4 d5 2. Nf3 e6 3. e3 c5 4. c3 Nc6 5. Bd3 Nf6 6. Nbd2 Bd6 7. O-O O-O 8. Qe2
e5 9. dxc5 Bxc5 10. e4 Re8 11. exd5 Nxd5 12. Ne4 Be7 13. Rd1 Qc7 14. Neg5 Bxg5
15. Bxh7+ Kxh7 16. Nxg5+ Kg8 17. Rxd5 Bf5 18. Ne4 Rad8 19. Rxd8 Rxd8 20. Bg5 f6
21. Qc4+ Qf7 22. Qxf7+ Kxf7 23. Ng3 Be6 24. Be3 f5 25. Nf1 f4 26. Bd2 Bc4 27.
Be1 e4 28. b3 Bxf1 29. Kxf1 Ne5 30. c4 1/2-1/2

[Event "28. Abierto Ciudad de Sevilla"]
[Site "Sevilla ESP"]
[Date "2003.01.16"]
[Round "7"]
[White "Zhao, Jun"]
[Black "Li, Wenliang"]
[Result "1-0"]
[WhiteElo "2421"]
[BlackElo "2497"]
[PlyCount "73"]
[EventDate "2003.01.18"]
[EventType "swiss"]
[EventRounds "9"]
[EventCountry "ESP"]
[Source "lmi"]
[SourceDate "2003.01.10"]

1. d4 Nf6 2. Nf3 e6 3. Bg5 c5 4. e3 Be7 5. Nbd2 b6 6. c3 Bb7 7. h3 d6 8. Bd3
cxd4 9. cxd4 Nd5 10. Bxe7 Qxe7 11. O-O O-O 12. Re1 Nd7 13. e4 Nf4 14. Bf1 d5
15. e5 Rfc8 16. h4 Rc7 17. g3 Ng6 18. h5 Ngf8 19. h6 g6 20. Qb3 Nb8 21. Nb1 Nc6
22. Nc3 Na5 23. Qd1 a6 24. Qc1 Rac8 25. Qf4 b5 26. Nd1 Nc4 27. Ng5 Nd7 28. Rc1
b4 29. b3 Na3 30. Rxc7 Rxc7 31. Ne3 Rc3 32. Ng4 Rc8 33. Bh3 Nc2 34. Nf6+ Nxf6
35. exf6 Qc7 36. Re5 Rf8 37. Bxe6 1-0

[Event "28. Abierto Ciudad de Sevilla"]
[Site "Sevilla ESP"]
[Date "2003.01.16"]
[Round "7"]
[White "Fernandez Romero, Ernesto"]
[Black "Korneev, Oleg"]
[Result "0-1"]
[WhiteElo "2396"]
[BlackElo "2613"]
[PlyCount "64"]
[EventDate "2003.01.18"]
[EventType "swiss"]
[EventRounds "9"]
[EventCountry "ESP"]
[Source "lmi"]
[SourceDate "2003.01.10"]

1. e4 c5 2. Nf3 b6 3. d4 cxd4 4. Nxd4 Bb7 5. f3 a6 6. Be3 e6 7. Be2 Nf6 8. c4
Qc7 9. Nc3 d6 10. O-O Be7 11. Qd2 O-O 12. Rfd1 Nbd7 13. a4 Rac8 14. a5 bxa5 15.
Nb3 Rfe8 16. Nxa5 Ba8 17. b4 d5 18. c5 Nxc5 19. bxc5 Bxc5 20. Nb1 dxe4 21. Bxc5
Qxc5+ 22. Qd4 Qg5 23. f4 Qxf4 24. Nc4 Nd5 25. Nc3 Nxc3 26. Qxc3 e3 27. Rf1 Qg5
28. Bf3 Bxf3 29. Rxf3 Qc5 30. Rf4 e5 31. Rh4 e4 32. Rg4 e2+ 0-1

[Event "28. Abierto Ciudad de Sevilla"]
[Site "Sevilla ESP"]
[Date "2003.01.16"]
[Round "7"]
[White "Estremera Panos, Sergio"]
[Black "Rausis, Igors"]
[Result "0-1"]
[WhiteElo "2354"]
[BlackElo "2541"]
[PlyCount "74"]
[EventDate "2003.01.18"]
[EventType "swiss"]
[EventRounds "9"]
[EventCountry "ESP"]
[Source "lmi"]
[SourceDate "2003.01.10"]

1. d4 e6 2. c4 b6 3. e4 Bb7 4. Bd3 f5 5. exf5 Bb4+ 6. Kf1 Qh4 7. Nf3 Qh5 8. a3
Bd6 9. Nc3 exf5 10. Nb5 Nf6 11. Nxd6+ cxd6 12. d5 O-O 13. Bf4 Ne4 14. Nd4 Qh4
15. g3 Qf6 16. Be3 Na6 17. b4 Nc7 18. a4 Rae8 19. Nb5 Na6 20. Bd4 Qh6 21. Rb1
Nd2+ 22. Kg2 f4 23. f3 Nxb1 24. Qxb1 Re7 25. g4 Rfe8 26. Bf2 g6 27. h4 Qg7 28.
Nxd6 Rb8 29. Nxb7 Rxb7 30. c5 bxc5 31. Bxa6 Rxb4 32. Qc2 d6 33. Bc8 Rb2 34. Qc4
Ree2 35. Be6+ Kf8 36. Qxf4+ Ke7 37. Rf1 Qf6 0-1

[Event "28. Abierto Ciudad de Sevilla"]
[Site "Sevilla ESP"]
[Date "2003.01.16"]
[Round "7"]
[White "Lin, Ta"]
[Black "Rizouk, Aimen"]
[Result "1-0"]
[WhiteElo "2360"]
[BlackElo "2519"]
[PlyCount "47"]
[EventDate "2003.01.18"]
[EventType "swiss"]
[EventRounds "9"]
[EventCountry "ESP"]
[Source "lmi"]
[SourceDate "2003.01.10"]

1. d4 Nf6 2. c4 e6 3. Nc3 Bb4 4. f3 d5 5. a3 Bxc3+ 6. bxc3 c5 7. cxd5 Nxd5 8.
dxc5 Qa5 9. e4 Nf6 10. Be3 O-O 11. Qb3 Nfd7 12. a4 Qc7 13. Qa3 Ne5 14. Nh3 Bd7
15. Nf2 Rc8 16. f4 Nec6 17. Be2 Na5 18. e5 Bc6 19. O-O Bd5 20. Rfd1 Na6 21. Bb5
Nxc5 22. c4 Bxc4 23. Bxc5 Bxb5 24. axb5 1-0

[Event "28. Abierto Ciudad de Sevilla"]
[Site "Sevilla ESP"]
[Date "2003.01.16"]
[Round "7"]
[White "Rustemov, Alexander"]
[Black "Giese, Reinhard"]
[Result "1-0"]
[WhiteElo "2604"]
[BlackElo "2216"]
[PlyCount "55"]
[EventDate "2003.01.18"]
[EventType "swiss"]
[EventRounds "9"]
[EventCountry "ESP"]
[Source "lmi"]
[SourceDate "2003.01.10"]

1. e4 c5 2. Nf3 Nc6 3. Bb5 e6 4. O-O Nge7 5. c4 a6 6. Bxc6 Nxc6 7. d4 cxd4 8.
Nxd4 Qh4 9. Nc3 Be7 10. Nf3 Qg4 11. h3 Qh5 12. Bf4 Qc5 13. Rc1 Qxc4 14. Ne5
Nxe5 15. Bxe5 Qb4 16. Bxg7 Rg8 17. Be5 b5 18. Qh5 Rg5 19. Qxh7 d6 20. a3 Qb3
21. f4 Rg6 22. f5 exf5 23. Nd5 dxe5 24. Qh8+ Kd7 25. Rc7+ Kd6 26. Rxe7 Qxb2 27.
Qd8+ Kc5 28. Rc7+ 1-0

[Event "28. Abierto Ciudad de Sevilla"]
[Site "Sevilla ESP"]
[Date "2003.01.16"]
[Round "7"]
[White "Camacho Calle, Pedro"]
[Black "Mellado Triviño, Juan"]
[Result "0-1"]
[WhiteElo "2176"]
[BlackElo "1922"]
[PlyCount "54"]
[EventDate "2003.01.18"]
[EventType "swiss"]
[EventRounds "9"]
[EventCountry "ESP"]
[Source "lmi"]
[SourceDate "2003.01.10"]

1. Nf3 f5 2. c4 Nf6 3. g3 g6 4. b4 d6 5. d4 Bg7 6. Bb2 c6 7. Bg2 Qb6 8. Qb3 a5
9. bxa5 Qxa5+ 10. Bc3 Qa4 11. Nbd2 Ne4 12. Nxe4 fxe4 13. Ng5 d5 14. cxd5 Qxb3
15. axb3 Rxa1+ 16. Bxa1 cxd5 17. O-O Nc6 18. e3 h6 19. Nh3 g5 20. Bc3 e5 21.
dxe5 Bxe5 22. Rc1 Bxc3 23. Rxc3 Ke7 24. Kf1 Kd6 25. Ng1 Bd7 26. f3 Ra8 27. Rc1
Ne5 0-1

[Event "28. Abierto Ciudad de Sevilla"]
[Site "Sevilla ESP"]
[Date "2003.01.16"]
[Round "7"]
[White "Ivanov, Jordan"]
[Black "Gonzalez Custodio, Rafael"]
[Result "1-0"]
[WhiteElo "2446"]
[BlackElo "2201"]
[PlyCount "73"]
[EventDate "2003.01.18"]
[EventType "swiss"]
[EventRounds "9"]
[EventCountry "ESP"]
[Source "lmi"]
[SourceDate "2003.01.10"]

1. d4 Nf6 2. c4 c5 3. d5 b5 4. cxb5 a6 5. b6 g6 6. Nc3 d6 7. Nf3 Bg7 8. Nd2
Nbd7 9. e4 O-O 10. a4 a5 11. Bb5 Nxb6 12. O-O Ba6 13. Bxa6 Rxa6 14. Qe2 Ra8 15.
Ra3 Qd7 16. b3 Rfb8 17. Nc4 Nxc4 18. bxc4 Ne8 19. Nb5 Nc7 20. Rb3 Na6 21. Bf4
Nb4 22. Re1 f6 23. g4 Re8 24. Rd1 Rf8 25. Rg3 Rab8 26. h4 Kf7 27. h5 Rg8 28. h6
Bh8 29. Kg2 Rbf8 30. Bc1 Ke8 31. f4 Kd8 32. Bb2 Kc8 33. e5 Kb7 34. exd6 exd6
35. Re3 Re8 36. Rxe8 Rxe8 37. Nxd6+ 1-0

[Event "28. Abierto Ciudad de Sevilla"]
[Site "Sevilla ESP"]
[Date "2003.01.16"]
[Round "7"]
[White "Durao, Joaquim"]
[Black "Valdes, Leonardo"]
[Result "0-1"]
[WhiteElo "2159"]
[BlackElo "2407"]
[PlyCount "70"]
[EventDate "2003.01.18"]
[EventType "swiss"]
[EventRounds "9"]
[EventCountry "ESP"]
[Source "lmi"]
[SourceDate "2003.01.10"]

1. e4 d6 2. d4 Nf6 3. Nc3 g6 4. f4 Bg7 5. Nf3 O-O 6. Bd3 Na6 7. e5 Nd7 8. O-O
c5 9. exd6 exd6 10. f5 cxd4 11. Nb5 Ne5 12. Nbxd4 Qb6 13. Kh1 Nb4 14. fxg6 hxg6
15. Nxe5 dxe5 16. Nb3 Nxd3 17. Qxd3 Bf5 18. Qe2 Qc6 19. c3 a5 20. Bg5 a4 21.
Nd2 a3 22. bxa3 f6 23. Be3 Rxa3 24. Rfc1 Rxc3 25. Nb3 Rxc1+ 26. Rxc1 Qa6 27.
Qd2 Be6 28. Rc7 Rf7 29. Nc5 Qf1+ 30. Bg1 Rxc7 31. Qd8+ Kh7 32. Nxe6 Rc1 33. Qb6
Rb1 34. Qe3 Qc1 35. Qa7 Bh6 0-1

[Event "28. Abierto Ciudad de Sevilla"]
[Site "Sevilla ESP"]
[Date "2003.01.16"]
[Round "7"]
[White "Pogorelov, Ruslan"]
[Black "Teran Alvarez, Ismael"]
[Result "1/2-1/2"]
[WhiteElo "2517"]
[BlackElo "2404"]
[PlyCount "96"]
[EventDate "2003.01.18"]
[EventType "swiss"]
[EventRounds "9"]
[EventCountry "ESP"]
[Source "lmi"]
[SourceDate "2003.01.10"]

1. Nf3 Nf6 2. c4 c6 3. Nc3 d5 4. d4 a6 5. e3 b5 6. b3 Bg4 7. Be2 e6 8. O-O Nbd7
9. Bb2 Bd6 10. Ne5 Bxe2 11. Nxe2 Qc7 12. cxd5 cxd5 13. Rc1 Qb8 14. f4 O-O 15.
Qd3 Qb7 16. Rc2 Rac8 17. Rfc1 Ne4 18. Nxd7 Qxd7 19. Ng3 f5 20. Nf1 Qb7 21. h3
h6 22. Qe2 a5 23. Nh2 a4 24. Nf3 axb3 25. axb3 Rxc2 26. Qxc2 Rf7 27. Qc8+ Qxc8
28. Rxc8+ Kh7 29. Ne5 Rc7 30. Rxc7 Bxc7 31. Nd7 Bd6 32. Bc1 Kg8 33. Kf1 Kf7 34.
Ke2 Ke7 35. Ne5 Bxe5 36. dxe5 Kd7 37. Ba3 g6 38. Bb4 Kc6 39. Kd3 h5 40. h4 Nf2+
41. Kd4 Ne4 42. Kd3 Nf2+ 43. Kd4 Kb6 44. Be7 Ng4 45. Bb4 Nh6 46. Bf8 Nf7 47.
Be7 Kc6 48. Bg5 Kb6 1/2-1/2

[Event "28. Abierto Ciudad de Sevilla"]
[Site "Sevilla ESP"]
[Date "2003.01.16"]
[Round "7"]
[White "Campora Perez, Daniel"]
[Black "Zhou, Wile"]
[Result "0-1"]
[WhiteElo "2505"]
[BlackElo "2353"]
[PlyCount "86"]
[EventDate "2003.01.18"]
[EventType "swiss"]
[EventRounds "9"]
[EventCountry "ESP"]
[Source "lmi"]
[SourceDate "2003.01.10"]

1. e4 c5 2. Nf3 Nc6 3. Bb5 g6 4. O-O Bg7 5. Re1 Nf6 6. c3 O-O 7. d3 d6 8. Nbd2
Bd7 9. a3 a6 10. Ba4 b5 11. Bc2 e5 12. b4 Qe7 13. Bb2 Rab8 14. d4 Nh5 15. d5
Nd8 16. bxc5 dxc5 17. a4 Nb7 18. axb5 axb5 19. Ra7 Nd6 20. Qa1 Qd8 21. c4 f6
22. Bd3 bxc4 23. Nxc4 Bb5 24. Nfd2 Bh6 25. Nxd6 Bxd3 26. N2c4 Rb4 27. Qa2 Qb8
28. Ra1 Nf4 29. g3 Ne2+ 30. Kg2 Nd4 31. Bxd4 cxd4 32. Qa3 Bc2 33. Qa6 Rb1 34.
Ra3 Qb4 35. Qa5 Bxe4+ 36. Nxe4 Qxc4 37. Qa6 Qxd5 38. f3 Rb2+ 39. Kh3 Bg7 40.
Ra5 Qb3 41. Qc6 Qxf3 42. Rxg7+ Kxg7 43. Ra7+ Kh8 0-1